000 00593nam a2200193Ia 4500
003 GCL
008 140319s9999 xx 000 0 ara d
040 _aGCL /
_cGCL
082 0 4 _a823.0872
_bج م
100 1 _aسيمون، جورج
245 1 0 _aالمنبوز قصة بوليسية رائعة /
_cسيمون، جورج
260 _a[S.N] :
_bالمكتبة الثقافية
300 _a183 ص
490 _a
650 0 4 _aالقصص البوليسية
650 0 4 _aالقصص الانجليزية
650 0 4 _aالقصص الانجليزية المترجمة
942 _2ddc
_cBK
999 _c55346
_d55346